Fundamentals of Statistical Signal Processing : detection theory : volume II (Record no. 8177)
[ view plain ]
| 000 -LEADER | |
|---|---|
| fixed length control field | 00676 a2200193 4500 |
| 020 ## - INTERNATIONAL STANDARD BOOK NUMBER | |
| International Standard Book Number | 0133457117 (v. 1) |
| 020 ## - INTERNATIONAL STANDARD BOOK NUMBER | |
| International Standard Book Number | 013504135X (v. 2) |
| 040 ## - CATALOGING SOURCE | |
| Original cataloging agency | DLC |
| Language of cataloging | DLC |
| 082 00 - DEWEY DECIMAL CLASSIFICATION NUMBER | |
| Classification number | 621.382/2 |
| 100 1# - MAIN ENTRY--PERSONAL NAME | |
| Personal name | Kay, Steven M., |
| 245 10 - TITLE STATEMENT | |
| Title | Fundamentals of Statistical Signal Processing : detection theory : volume II |
| Statement of responsibility, etc. | Steven M. Kay. |
| 260 ## - PUBLICATION, DISTRIBUTION, ETC. | |
| Place of publication, distribution, etc. | Englewood Cliffs, N.J. : |
| Name of publisher, distributor, etc. | Prentice-Hall PTR, |
| Date of publication, distribution, etc. | c1993-1998. |
| 300 ## - PHYSICAL DESCRIPTION | |
| Extent | 2 v. : |
| Other physical details | ill. ; |
| Dimensions | 25 cm. |
| 440 #0 - SERIES STATEMENT/ADDED ENTRY--TITLE | |
| Title | Prentice Hall signal processing series |
| 505 0# - FORMATTED CONTENTS NOTE | |
| Formatted contents note | v. 1. Estimation theory -- v. 2. Detection theory. |
| 650 #0 - SUBJECT ADDED ENTRY--TOPICAL TERM | |
| Topical term or geographic name entry element | Signal detection |
| General subdivision | Statistical methods. |
| 650 #0 - SUBJECT ADDED ENTRY--TOPICAL TERM | |
| Topical term or geographic name entry element | Estimation theory. |
| 942 ## - ADDED ENTRY ELEMENTS (KOHA) | |
| Koha item type | Book |
| Call number prefix | 621.3822 KAY |
| Source of classification or shelving scheme | |
| Withdrawn status | Lost status | Damaged status | Not for loan | Collection code | Permanent Location | Current Location | Shelving location | Date acquired | Source of acquisition | Cost, normal purchase price | Total Checkouts | Full call number | Barcode | Date last seen | Date last checked out | Price effective from | Koha item type |
|---|---|---|---|---|---|---|---|---|---|---|---|---|---|---|---|---|---|
| Central Library (CL) | Central Library (CL) | General Stacks | 11/16/2006 | Star Book | 5733.09 | 2 | 621.3822 KAY | SEECS007780 | 05/29/2024 | 10/04/2018 | 01/05/2017 | Book |
